Molecular biotechnology / (Record no. 234133)

000 -LEADER
fixed length control field 01883cam a2200361 i 4500
001 - CONTROL NUMBER
control field 18052891
003 - CONTROL NUMBER IDENTIFIER
control field Nust
005 - DATE AND TIME OF LATEST TRANSACTION
control field 20170314115935.0
008 - FIXED-LENGTH DATA ELEMENTS--GENERAL INFORMATION
fixed length control field 140227s2016 maua b 001 0 eng
010 ## - LIBRARY OF CONGRESS CONTROL NUMBER
LC control number 2014008000
020 ## - INTERNATIONAL STANDARD BOOK NUMBER
International Standard Book Number 81-7888-264-7
035 ## - SYSTEM CONTROL NUMBER
System control number (DNLM)101626957
040 ## - CATALOGING SOURCE
Original cataloging agency DNLM/DLC
Transcribing agency ASAB
Description conventions rda
Modifying agency DLC
042 ## - AUTHENTICATION CODE
Authentication code pcc
050 00 - LIBRARY OF CONGRESS CALL NUMBER
Classification number QH390
Item number .D44 2016
060 10 - NATIONAL LIBRARY OF MEDICINE CALL NUMBER
Classification number W 82
082 00 - DEWEY DECIMAL CLASSIFICATION NUMBER
Classification number 572.8/38
Edition number 23
100 1# - MAIN ENTRY--PERSONAL NAME
Personal name Dehlinger, Carolyn,
Relator term author.
245 10 - TITLE STATEMENT
Title Molecular biotechnology /
Statement of responsibility, etc. vatsala piramal
300 ## - PHYSICAL DESCRIPTION
Extent xvii, 240 pages :
Other physical details illustrations (chiefly color) ;
Dimensions 28 cm
336 ## - CONTENT TYPE
Content type term text
Source rdacontent
337 ## - MEDIA TYPE
Media type term unmediated
Source rdamedia
338 ## - CARRIER TYPE
Carrier type term volume
Source rdacarrier
504 ## - BIBLIOGRAPHY, ETC. NOTE
Bibliography, etc. note Includes bibliographical references and index.
505 0# - FORMATTED CONTENTS NOTE
Formatted contents note The emergence of molecular biotechnology -- The molecular biotechnology industry today -- Governmental regulation of molecular biotechnology -- Bioinformatics: genomics, proteomics, and phenomics -- Industrial biotechnology -- Life sciences and health care -- Environmental biotechnology and conservation -- Agriculture and food production -- Forensics and biodefense -- Evo devo: the biotechnology of evolution and development -- The biotechnology of anthropology -- The future of biotechnology.
650 12 - SUBJECT ADDED ENTRY--TOPICAL TERM
Topical term or geographic name entry element Biotechnology.
650 22 - SUBJECT ADDED ENTRY--TOPICAL TERM
Topical term or geographic name entry element Genetic Engineering.
650 22 - SUBJECT ADDED ENTRY--TOPICAL TERM
Topical term or geographic name entry element Molecular Biology.
906 ## - LOCAL DATA ELEMENT F, LDF (RLIN)
a 7
b cbc
c orignew
d 1
e ecip
f 20
g y-gencatlg
942 ## - ADDED ENTRY ELEMENTS (KOHA)
Source of classification or shelving scheme
Koha item type Book
Holdings
Withdrawn status Lost status Source of classification or shelving scheme Damaged status Not for loan Collection code Permanent Location Current Location Date acquired Total Checkouts Full call number Barcode Date last seen Price effective from Koha item type
            Central Library (CL) Central Library (CL) 03/14/2017   572.8 PIR ASAB2077 10/25/2021 03/14/2017 Book
© 2023 Central Library, National University of Sciences and Technology. All Rights Reserved.